Central Library OPAC University of Rajshahi

The physical geography of China / (Record no. 10692)

MARC details
000 -LEADER
fixed length control field 00889nam a2200253 a 4500
001 - CONTROL NUMBER
control field 10692
003 - CONTROL NUMBER IDENTIFIER
rucl marc code BD-RjUL
005 - DATE AND TIME OF LATEST TRANSACTION
control field 20211208235010.0
008 - FIXED-LENGTH DATA ELEMENTS--GENERAL INFORMATION
fixed length control field 140125s1969 nyu 001 0 eng d
035 ## - SYSTEM CONTROL NUMBER
System control number (BD-RjUL)10740
040 ## - CATALOGING SOURCE
Original cataloging agency DLC
Transcribing agency DLC
Modifying agency DLC
-- (BD-RjUL)
Language of cataloging eng
041 ## - LANGUAGE CODE
Language code of text/sound track or separate title eng
082 00 - DEWEY DECIMAL CLASSIFICATION NUMBER
Edition number 23
Classification number 915.102
Author mark and year PHY 1969
110 2# - MAIN ENTRY--CORPORATE NAME
Corporate name or jurisdiction name as entry element Institut geografii (Akademii︠a︡ nauk SSSR)
9 (RLIN) 200960
245 14 - TITLE STATEMENT
Title The physical geography of China /
Statement of responsibility, etc. Prepared by the Institute of Geography, U. S. S. R., Academy of Sciences.
260 ## - PUBLICATION, DISTRIBUTION, ETC. (IMPRINT)
Place of publication, distribution, etc. New York :
Name of publisher, distributor, etc. Praeger ,
Date of publication, distribution, etc. 1969
300 ## - PHYSICAL DESCRIPTION
Pagination v. ;
Size 25 cm.
490 0# - SERIES STATEMENT
Series statement Praeger special studies in international economics and development
504 ## - BIBLIOGRAPHY, ETC. NOTE
Bibliography, etc Includes Index
505 ## - FORMATTED CONTENTS NOTE
Formatted contents note V. 1 -- V. 2--
650 #0 - SUBJECT ADDED ENTRY--TOPICAL TERM
Topical term or geographic name as entry element Physical geography
Geographic subdivision China.
9 (RLIN) 33059
830 ## - SERIES ADDED ENTRY--UNIFORM TITLE
Uniform title Praeger special studies in international economics and development
942 ## - ADDED ENTRY ELEMENTS (KOHA)
Source of classification or shelving scheme Dewey Decimal Classification
Koha item type Books
Holdings
Lost status Source of classification or shelving scheme Damaged status Not for loan Collection code Permanent Location Current Location Shelving location Date acquired Source of acquisition Cost, normal purchase price Total Checkouts Full call number Date last seen Copy number Koha item type
  Dewey Decimal Classification     Non-fiction Central Library, University of Rajshahi Central Library, University of Rajshahi   30/07/1971 Zeitlinger 365.00   915.102 PHY V-2 1969 25/01/2014 C-2 Books
  Dewey Decimal Classification   Not For Loan Non-fiction Central Library, University of Rajshahi Central Library, University of Rajshahi Reading Room 25/09/1970 Swits and Zeitliner 0.00   915.102 PHY V-2 1969 28/03/2017 C-1 Books
  Dewey Decimal Classification   Not For Loan Non-fiction Central Library, University of Rajshahi Central Library, University of Rajshahi Reading Room 30/07/1971 Zeithinger 365.00   915.102 PHY V-1 1969 29/03/2017 C-1 Books
  Dewey Decimal Classification     Non-fiction Central Library, University of Rajshahi Central Library, University of Rajshahi   05/11/1970 Zeitlinger 168.00   915.102 PHY V-1 1969 24/05/2017 C-2 Books